इथे जगण्याची सक्ती आहे (Record no. 473788)

MARC details
000 -LEADER
fixed length control field 00553nam a2200157Ia 4500
008 - FIXED-LENGTH DATA ELEMENTS--GENERAL INFORMATION
fixed length control field 100204s9999 xx 000 0 und d
082 ## - DEWEY DECIMAL CLASSIFICATION NUMBER
Item number 28217
245 ## - TITLE STATEMENT
Title इथे जगण्याची सक्ती आहे
250 ## - EDITION STATEMENT
Edition statement 0
260 ## - PUBLICATION, DISTRIBUTION, ETC. (IMPRINT)
Name of publisher, distributor, etc "प्रतिक प्रकाशन , पुणे"
Date of publication, distribution, etc 2005
300 ## - PHYSICAL DESCRIPTION
Extent 116
630 ## - SUBJECT ADDED ENTRY--UNIFORM TITLE
Uniform title इथे जगण्याची सक्ती आहे
700 ## - ADDED ENTRY--PERSONAL NAME
Personal name किणीकर रॉय
730 ## - ADDED ENTRY--UNIFORM TITLE
Uniform title इथे जगण्याची सक्ती आहे
942 ## - ADDED ENTRY ELEMENTS (KOHA)
Koha item type Book
Holdings
Withdrawn status Lost status Damaged status Not for loan Home library Current library Date acquired Cost, normal purchase price Total Checkouts Full call number Barcode Date last seen Cost, replacement price Price effective from Koha item type
        N. C. Kelkar Sarvajanik Library, Mulund N. C. Kelkar Sarvajanik Library, Mulund 06/25/2008 90.00   28217 NCKMULUND-28217 02/04/2010 90.00 02/04/2010 Book